[Event "M.Chigorin Memorial 2017 "]
[Site "?????-?????????"]
[Date "2017.10.27"]
[Round "7"]
[Board "78"]
[White "Krestin, Denis"]
[Black "Yatzenko, Anton"]
[Result "0-1"]
[WhiteElo "2107"]
[BlackElo "2365"]
[PlyCount "83"]
[EventDate "2017.10.21"]
[EventRounds "9"]
[EventCountry "RUS"]

1. e4 d6 2. d4 Nf6 3. Nc3 Nbd7 4. Nf3 e5 5. Bc4 Be7 6. O-O O-O 7. h3 c6 8. dxe5
dxe5 9. Qe2 Qc7 10. a4 a5 11. Bg5 h6 12. Bh4 Re8 13. Rad1 Bb4 14. Na2 Bc5 15.
Nc1 Ba7 16. Nh2 g5 17. Bg3 Nc5 18. Bd3 Nxa4 19. c3 Nc5 20. Bc2 Ne6 21. Kh1 Nf4
22. Bxf4 exf4 23. Nb3 Bf5 24. Ng4 Bxg4 25. hxg4 Qc8 26. f3 h5 27. Rd6 Re6 28.
Rfd1 hxg4 29. e5 Nh5 30. Qd3 Ng3+ 31. Kh2 Kf8 32. Qh7 Ke7 33. Nd4 Rxd6 34.
exd6+ Kxd6 35. Ne2+ Ke7 36. Re1 Qe6 37. Bb3 Qe5 38. Qxf7+ Kd6 39. Rd1+ Kc5 40.
Nxg3 fxg3+ 41. Kg1 Qe3+ 42. Kf1  0-1

[Event "M.Chigorin Memorial 2017 "]
[Site "?????-?????????"]
[Date "2017.10.27"]
[Round "7"]
[Board "79"]
[White "Mochalin, Faddey"]
[Black "Chashchev, Sergey"]
[Result "1-0"]
[WhiteElo "2096"]
[BlackElo "2342"]
[PlyCount "89"]
[EventDate "2017.10.21"]
[EventRounds "9"]
[EventCountry "RUS"]

1. d4 d6 2. Nf3 f5 3. c4 Nf6 4. g3 g6 5. Bg2 Bg7 6. O-O O-O 7. Nc3 Qe8 8. Nd5
Na6 9. Nxf6+ Bxf6 10. Bh6 Bg7 11. Bxg7 Kxg7 12. d5 c5 13. h4 h6 14. Qd2 Bd7 15.
Rfe1 Nc7 16. e4 fxe4 17. Rxe4 Bf5 18. Re3 Qd7 19. h5 g5 20. Rae1 Rf7 21. Bf1
Re8 22. Bd3 e5 23. dxe6 Rxe6 24. Bxf5 Rxf5 25. Ne5 Qd8 26. Qd3 Ref6 27. Ng4 Rf7
28. b3 Qf8 29. Qc3+ Kg8 30. R1e2 d5 31. Qd3 d4 32. Re5 Rf3 33. Qg6+ Rg7 34. Qe4
Rgf7 35. Kg2 b6 36. Qg6+ Kh8 37. Qc6 Kh7 38. Qg6+ Kh8 39. Qc6 Kh7 40. Qe4+ Kh8
41. Re7 R3f5 42. Rxf7 Rxf7 43. Qe5+ Kh7 44. Qe4+ Kh8 45. Ne5  1-0

[Event "M.Chigorin Memorial 2017 "]
[Site "?????-?????????"]
[Date "2017.10.27"]
[Round "7"]
[Board "80"]
[White "Gurjevskoy, Denis"]
[Black "Bykov, Oleg"]
[Result "0-1"]
[WhiteElo "2089"]
[BlackElo "2333"]
[PlyCount "60"]
[EventDate "2017.10.21"]
[EventRounds "9"]
[EventCountry "RUS"]

1. e4 e6 2. d4 d5 3. Nd2 c5 4. c3 Nc6 5. dxc5 Bxc5 6. Nb3 Bb6 7. exd5 exd5 8.
Bb5 Nf6 9. Qe2+ Be6 10. Be3 O-O 11. O-O-O Bxe3+ 12. Qxe3 Ng4 13. Qd2 Qb6 14.
Bxc6 bxc6 15. Nh3 c5 16. f3 Nf6 17. Nf4 a5 18. Qe3 Rac8 19. Rhe1 d4 20. Qd2
Bxb3 21. axb3 Qxb3 22. cxd4 Qa2 23. d5 Rb8 24. Qc2 Rb4 25. Ne2 Nxd5 26. Qb1
Qc4+ 27. Kd2 Rfb8 28. Rc1 Rxb2+ 29. Qxb2 Rxb2+ 30. Kd1 Ne3#  0-1

[Event "M.Chigorin Memorial 2017 "]
[Site "?????-?????????"]
[Date "2017.10.27"]
[Round "7"]
[Board "81"]
[White "Martynyuk, Elizaveta"]
[Black "Leidorf, Sebastian"]
[Result "0-1"]
[WhiteElo "2302"]
[BlackElo "2083"]
[PlyCount "100"]
[EventDate "2017.10.21"]
[EventRounds "9"]
[EventCountry "RUS"]

1. e4 e6 2. d4 d5 3. Nc3 Nf6 4. e5 Nfd7 5. f4 c5 6. Nf3 Nc6 7. Be3 a6 8. Qd2 b5
9. dxc5 Bxc5 10. Bxc5 Nxc5 11. Qf2 Qb6 12. Bd3 b4 13. Ne2 a5 14. O-O Ba6 15. f5
exf5 16. Nf4 Ne7 17. e6 f6 18. Rad1 Na4 19. Bxa6 Qxf2+ 20. Rxf2 Rxa6 21. Nxd5
Nxd5 22. Rxd5 O-O 23. Nd4 Nxb2 24. e7 Re8 25. Nxf5 Nc4 26. Rf4 g6 27. Rd8 Ra8
28. Rxa8 Rxa8 29. Nh6+ Kg7 30. Ng4 f5 31. Rxc4 fxg4 32. Rxg4 Re8 33. Re4 Kf6
34. Kf2 Rxe7 35. Rxe7 Kxe7 36. Ke3 Kd6 37. Kd4 g5 38. h3 Kc6 39. g3 Kb5 40. c4+
bxc3 41. Kxc3 Ka4 42. Kc4 h6 43. h4 Ka3 44. hxg5 hxg5 45. Kb5 Kxa2 46. Kxa5 Kb3
47. Kb5 Kc3 48. Kc5 Kd3 49. Kd5 Ke3 50. Ke5 Kf3  0-1

[Event "M.Chigorin Memorial 2017 "]
[Site "?????-?????????"]
[Date "2017.10.27"]
[Round "7"]
[Board "82"]
[White "Chekmareva, Liya"]
[Black "Rjabzev, Konstantin"]
[Result "0-1"]
[WhiteElo "2077"]
[BlackElo "2270"]
[PlyCount "112"]
[EventDate "2017.10.21"]
[EventRounds "9"]
[EventCountry "RUS"]

1. c4 d6 2. Nf3 e5 3. Nc3 f5 4. e4 Nf6 5. exf5 Bxf5 6. d4 Qe7 7. Be2 Nc6 8. O-O
O-O-O 9. d5 Nb4 10. Bd2 Kb8 11. a3 Nc2 12. Rc1 Nd4 13. Nxd4 exd4 14. Nb5 d3 15.
Bf3 Nd7 16. Nd4 Qf6 17. Nxf5 Qxf5 18. Bg4 Qg6 19. Bxd7 Rxd7 20. Be3 b6 21. Rc3
Be7 22. Qxd3 Qh5 23. Bd4 Bf6 24. Bxf6 gxf6 25. Qh3 Qe8 26. Re3 Qd8 27. Rfe1 Rg8
28. b4 Rdg7 29. g3 Kb7 30. Qe6 h5 31. c5 bxc5 32. bxc5 Ka8 33. c6 Rg5 34. f4
R5g7 35. Qe4 Qc8 36. Qb4 Rd8 37. Rb1 h4 38. Qa5 hxg3 39. hxg3 Qh3 40. Qe1 Rh7
41. Re2 Qh1+ 42. Kf2 Rh2+ 43. Ke3 Rxe2+ 44. Kxe2 Re8+ 45. Kf2 Rxe1 46. Rxe1
Qh2+ 47. Kf3 a6 48. Re7 Kb8 49. Re8+ Ka7 50. Re7 Kb6 51. Re3 Qh1+ 52. Kg4 Qxd5
53. Rc3 Qe6+ 54. Kf3 d5 55. Kf2 d4 56. Rd3 Qe4  0-1

[Event "M.Chigorin Memorial 2017 "]
[Site "?????-?????????"]
[Date "2017.10.27"]
[Round "7"]
[Board "83"]
[White "Shuvalov, Evgenij"]
[Black "Huseynov, Murad"]
[Result "1-0"]
[WhiteElo "2247"]
[BlackElo "2076"]
[PlyCount "49"]
[EventDate "2017.10.21"]
[EventRounds "9"]
[EventCountry "RUS"]

1. Nf3 Nf6 2. c4 b6 3. g3 Bb7 4. Bg2 e6 5. O-O c5 6. Nc3 Be7 7. d4 cxd4 8. Qxd4
O-O 9. Rd1 Nc6 10. Qf4 Qc8 11. b3 Na5 12. Bb2 d5 13. cxd5 exd5 14. Nd4 Re8 15.
Nf5 Bf8 16. Nxd5 Nxd5 17. Bxd5 Bxd5 18. Rxd5 Qc6 19. Rad1 Rxe2 20. Bxg7 Qg6 21.
Bxf8 Kxf8 22. Rd8+ Rxd8 23. Rxd8+ Re8 24. Qb4+ Kg8 25. Rxe8#  1-0

[Event "M.Chigorin Memorial 2017 "]
[Site "?????-?????????"]
[Date "2017.10.27"]
[Round "7"]
[Board "84"]
[White "Marinskii, Yurii"]
[Black "Ismagilov, Damir"]
[Result "0-1"]
[WhiteElo "2238"]
[BlackElo "2058"]
[PlyCount "98"]
[EventDate "2017.10.21"]
[EventRounds "9"]
[EventCountry "RUS"]

1. e4 c5 2. Nc3 Nc6 3. g3 g6 4. Bg2 Bg7 5. d3 d6 6. f4 e6 7. Nf3 Nge7 8. O-O
O-O 9. Be3 Nd4 10. Qd2 Rb8 11. a4 b6 12. Nb5 Nxf3+ 13. Bxf3 Bxb2 14. Ra2 Bg7
15. Nxa7 Bd7 16. Rb1 Qc7 17. Nb5 Bxb5 18. Rxb5 Nc6 19. Rb1 Na7 20. f5 exf5 21.
exf5 b5 22. a5 b4 23. a6 Nb5 24. Rf1 Rfe8 25. Bh6 Bc3 26. Qg5 Re5 27. Bb7 Bd4+
28. Kg2 Rbe8 29. Qg4 Re2+ 30. Kh3 Nc3 31. Raa1 Rxc2 32. Qf3 d5 33. Rae1 Ree2
34. Rxe2 Nxe2 35. fxg6 hxg6 36. a7 Ng1+ 37. Rxg1 Qxb7 38. Re1 Qxa7 39. Re8+ Kh7
40. Rf8 Qd7+ 41. g4 Rf2 42. Qg3 Qe7 43. g5 Qe6+ 44. Kh4 Qf5 45. Qc7 Rf4+ 46.
Qxf4 Qxf4+ 47. Kh3 Bg7 48. Rd8 Bxh6 49. gxh6 Qf3+  0-1

[Event "M.Chigorin Memorial 2017 "]
[Site "?????-?????????"]
[Date "2017.10.27"]
[Round "7"]
[Board "85"]
[White "Chernyak, Viktoria"]
[Black "Zavgorodniaya, Alena"]
[Result "1/2-1/2"]
[WhiteElo "2236"]
[BlackElo "2039"]
[PlyCount "92"]
[EventDate "2017.10.21"]
[EventRounds "9"]
[EventCountry "RUS"]

1. d4 d5 2. c4 c6 3. Nc3 Nf6 4. e3 e6 5. Nf3 Nbd7 6. Bd3 dxc4 7. Bxc4 b5 8. Bd3
Bb7 9. O-O Bd6 10. a4 b4 11. Ne4 Nxe4 12. Bxe4 O-O 13. a5 Nf6 14. a6 Bxa6 15.
Bxh7+ Nxh7 16. Rxa6 c5 17. Qa4 Qe7 18. b3 Rfd8 19. Bb2 Ng5 20. Nxg5 Qxg5 21.
Qc6 Qh5 22. g3 Qe2 23. Ba1 Rac8 24. Qa4 c4 25. bxc4 Rxc4 26. Rxa7 Qc2 27. Qa6
b3 28. Bb2 Bb4 29. h4 Rdc8 30. Ra8 Rxa8 31. Qxa8+ Kh7 32. Qa1 Bc3 33. Bxc3 Rxc3
34. Qb1 Rd3 35. Kg2 Qd2 36. Rc1 f5 37. Kf3 Kg6 38. Rc6 Kf6 39. d5 Rxe3+ 40.
fxe3 Qxd5+ 41. Kf2 Qxc6 42. Qxb3 Qh1 43. Qb2+ Kg6 44. Qe5 Qh2+ 45. Kf3 Qh1+ 46.
Kf2 Qh2+  1/2-1/2

[Event "M.Chigorin Memorial 2017 "]
[Site "?????-?????????"]
[Date "2017.10.27"]
[Round "7"]
[Board "86"]
[White "Korennoi, Viktor"]
[Black "Savinov, Leonid"]
[Result "1-0"]
[WhiteElo "2227"]
[BlackElo "2035"]
[PlyCount "60"]
[EventDate "2017.10.21"]
[EventRounds "9"]
[EventCountry "RUS"]

1. d4 Nf6 2. c4 e6 3. Nc3 Bb4 4. Qc2 c5 5. dxc5 Bxc5 6. Nf3 Qb6 7. e3 O-O 8.
Bd3 d5 9. cxd5 exd5 10. O-O Bb4 11. h3 Bxc3 12. Qxc3 Nc6 13. a3 Rd8 14. Rd1 Be6
15. b4 Rac8 16. Qe1 d4 17. b5 Ne7 18. Nxd4 Bc4 19. Bd2 Rxd4 20. exd4 Bxd3 21.
Qxe7 Qxb5 22. Rac1 Re8 23. Qc5 Qxc5 24. Rxc5 h6 25. f3 Rd8 26. Bxh6 Be2 27. Rd2
gxh6 28. Rxe2 Rxd4 29. Re7 Ra4 30. Rxb7 Rxa3  1-0

[Event "M.Chigorin Memorial 2017 "]
[Site "?????-?????????"]
[Date "2017.10.27"]
[Round "7"]
[Board "87"]
[White "Zimin, Alexey"]
[Black "Gagare, Shalmali"]
[Result "1-0"]
[WhiteElo "2227"]
[BlackElo "2013"]
[PlyCount "57"]
[EventDate "2017.10.21"]
[EventRounds "9"]
[EventCountry "RUS"]

1. e4 e6 2. d4 d5 3. Nc3 Nf6 4. e5 Nfd7 5. f4 c5 6. Nf3 Nc6 7. Be3 Be7 8. dxc5
Bxc5 9. Qd2 O-O 10. O-O-O Qa5 11. Bxc5 Nxc5 12. Kb1 Bd7 13. Bd3 Nxd3 14. Qxd3
Nb4 15. Qe3 Rac8 16. a3 Nc6 17. Ng5 h6 18. h4 Rfd8 19. Qd3 g6 20. h5 Kg7 21.
hxg6 fxg6 22. Rxh6 Ne7 23. Rh7+ Kf8 24. Rf7+ Ke8 25. Rh1 Bc6 26. Rxe7+ Kxe7 27.
Rh7+ Kf8 28. Rf7+ Ke8 29. Qxg6  1-0

[Event "M.Chigorin Memorial 2017 "]
[Site "?????-?????????"]
[Date "2017.10.27"]
[Round "7"]
[Board "88"]
[White "Pogorelskikh, Sergey"]
[Black "Sapegin, Yaroslav"]
[Result "1-0"]
[WhiteElo "2225"]
[BlackElo "2007"]
[PlyCount "61"]
[EventDate "2017.10.21"]
[EventRounds "9"]
[EventCountry "RUS"]

1. e4 e5 2. Nf3 Nc6 3. Bb5 Nf6 4. d3 Bc5 5. Bxc6 dxc6 6. O-O Qd6 7. Nbd2 Be6 8.
Qe2 O-O 9. b3 Bd4 10. Nxd4 Qxd4 11. Ba3 Bg4 12. Nf3 Bxf3 13. Qxf3 Rfe8 14. Rab1
Nd7 15. Bb2 Qd6 16. Qg3 Re6 17. f4 Qc5+ 18. Rf2 Rg6 19. Qh3 Nf6 20. f5 Ng4 21.
fxg6 Qxf2+ 22. Kh1 Nh6 23. gxf7+ Nxf7 24. Qf5 Qxc2 25. Rf1 Rf8 26. Bxe5 Qxa2
27. h3 Qa3 28. Qe6 Qb4 29. Kh2 Qb5 30. Rf5 Qb4 31. Rg5  1-0

[Event "M.Chigorin Memorial 2017 "]
[Site "?????-?????????"]
[Date "2017.10.27"]
[Round "7"]
[Board "89"]
[White "Makoveev, Ilya"]
[Black "Travkina, Anastasia"]
[Result "1-0"]
[WhiteElo "2041"]
[BlackElo "2221"]
[PlyCount "115"]
[EventDate "2017.10.21"]
[EventRounds "9"]
[EventCountry "RUS"]

1. e4 c5 2. Nf3 d6 3. d4 cxd4 4. Nxd4 Nf6 5. Nc3 g6 6. Be3 Bg7 7. f3 a6 8. Qd2
Nbd7 9. O-O-O h5 10. h4 b5 11. Kb1 Bb7 12. Nb3 Qc7 13. Bd4 Rc8 14. Bd3 Bh6 15.
Qf2 Bg7 16. Rhe1 O-O 17. a3 e5 18. Be3 d5 19. exd5 Nxd5 20. Bd2 Nxc3+ 21. Bxc3
e4 22. Bxg7 exd3 23. Bc3 dxc2+ 24. Qxc2 Nb6 25. Qd2 Kh7 26. Qd4 Rg8 27. Nd2 Na4
28. Rc1 Qd8 29. Qxd8 Nxc3+ 30. Rxc3 Rgxd8 31. Rxc8 Bxc8 32. Ne4 Kg7 33. Kc2 Be6
34. Nc5 Bf5+ 35. Kc3 a5 36. b4 a4 37. Ne4 Be6 38. Nc5 Bc4 39. g3 Rd6 40. Re3
Bf1 41. Re1 Bg2 42. f4 Bh3 43. Rh1 Bf5 44. Re1 Rd8 45. Ne4 Re8 46. Kd4 Rc8 47.
Nd6 Rd8 48. Kc5 Be6 49. Rd1 Rb8 50. Nxb5 Rc8+ 51. Kb6 Rb8+ 52. Kc6 Bg4 53. Rd2
Bf3+ 54. Kc5 Rc8+ 55. Kb6 Rc1 56. Ka5 Bd1 57. Nd4 Ra1 58. b5  1-0

[Event "M.Chigorin Memorial 2017 "]
[Site "?????-?????????"]
[Date "2017.10.27"]
[Round "7"]
[Board "90"]
[White "Malinovsky, Ilya"]
[Black "Eynullayev, Altay"]
[Result "1/2-1/2"]
[WhiteElo "2044"]
[BlackElo "2220"]
[PlyCount "81"]
[EventDate "2017.10.21"]
[EventRounds "9"]
[EventCountry "RUS"]

1. e4 c5 2. Nc3 d6 3. f4 g6 4. Nf3 Bg7 5. Bb5+ Bd7 6. Bc4 Nc6 7. O-O e6 8. d3
Nge7 9. f5 O-O 10. Qe1 gxf5 11. Qh4 fxe4 12. dxe4 Ng6 13. Qh5 Nce5 14. Be2
Nxf3+ 15. Qxf3 Bc6 16. Be3 Qe7 17. Rad1 f5 18. Qh3 fxe4 19. Bg4 Rxf1+ 20. Rxf1
Re8 21. Ne2 Bd5 22. Bh5 Rf8 23. Rxf8+ Qxf8 24. b3 b5 25. Bxg6 hxg6 26. Qg3 b4
27. Qxg6 Qf5 28. Qe8+ Kh7 29. Nf4 c4 30. h3 cxb3 31. axb3 Qg5 32. g4 Qe5 33.
Qg6+ Kh8 34. g5 Bc6 35. h4 Qc3 36. Ng2 Qxc2 37. Qxe6 Qd1+ 38. Kf2 Qf3+ 39. Kg1
Qd1+ 40. Kf2 Qf3+ 41. Kg1  1/2-1/2

[Event "M.Chigorin Memorial 2017 "]
[Site "?????-?????????"]
[Date "2017.10.27"]
[Round "7"]
[Board "91"]
[White "Pryalukhin, Danila"]
[Black "Protopopova, Anastasiya"]
[Result "1-0"]
[WhiteElo "2031"]
[BlackElo "2219"]
[PlyCount "55"]
[EventDate "2017.10.21"]
[EventRounds "9"]
[EventCountry "RUS"]

1. d4 d5 2. c4 c6 3. Nc3 dxc4 4. e4 b5 5. a4 b4 6. Nb1 Ba6 7. Nf3 Nf6 8. e5 Nd5
9. e6 f6 10. Qc2 Qd6 11. Be2 Qxe6 12. O-O b3 13. Qd1 Qf7 14. Na3 Nb6 15. a5 Nc8
16. Bf4 e5 17. dxe5 Bxa3 18. Rxa3 O-O 19. exf6 Qxf6 20. Be5 Qf7 21. Bc3 Nd7 22.
Qd4 c5 23. Qg4 h6 24. Rd1 Nb8 25. Qe4 Ne7 26. Rd6 Nf5 27. Rxa6 Kh8 28. Ne5  1-0

[Event "M.Chigorin Memorial 2017 "]
[Site "?????-?????????"]
[Date "2017.10.27"]
[Round "7"]
[Board "92"]
[White "Yarosh, Ruslan"]
[Black "Tsvetkov, Andrey"]
[Result "0-1"]
[WhiteElo "2019"]
[BlackElo "2218"]
[PlyCount "118"]
[EventDate "2017.10.21"]
[EventRounds "9"]
[EventCountry "RUS"]

1. e4 c5 2. Nf3 d6 3. d4 cxd4 4. Nxd4 Nf6 5. f3 e5 6. Nb3 d5 7. Bg5 d4 8. c3
Nc6 9. Bb5 h6 10. Bxf6 Qxf6 11. cxd4 Bb4+ 12. Nc3 O-O 13. O-O Nxd4 14. Nd5 Qd6
15. Nxb4 Qxb4 16. Nxd4 Rd8 17. Qe2 Rxd4 18. Rfd1 Be6 19. Bd3 Rad8 20. b3 Qc5
21. Qe3 Qb6 22. Kf1 R8d6 23. Rd2 Bd7 24. Rad1 Bb5 25. Ke2 Rxd3 26. Rxd3 Qd8 27.
g3 Kh7 28. a4 Ba6 29. f4 exf4 30. gxf4 Qh4 31. h3 Rg6 32. Kd2 Bxd3 33. Qxd3
Rg2+ 34. Kc1 Qxf4+ 35. Kb1 Qf2 36. e5+ g6 37. Qc3 Rg3 38. Qc4 Rg2 39. Qc3 Qf5+
40. Ka1 Rc2 41. Qd4 Qxh3 42. Rd3 Qf1+ 43. Rd1 Qe2 44. Kb1 Rb2+ 45. Qxb2 Qxd1+
46. Ka2 Qd5 47. Qf2 a6 48. Qf4 h5 49. Qg5 Qe6 50. Qf4 Qf5 51. Qc4 Qf2+ 52. Ka3
Qf5 53. Qd5 h4 54. Qxb7 h3 55. Qxa6 h2 56. Qb7 Qxe5 57. Qxf7+ Qg7 58. Qf3 Qa1+
59. Kb4 h1=Q  0-1

[Event "M.Chigorin Memorial 2017 "]
[Site "?????-?????????"]
[Date "2017.10.27"]
[Round "7"]
[Board "93"]
[White "Stukan, Martin"]
[Black "Shakirova, Renata"]
[Result "1-0"]
[WhiteElo "2215"]
[BlackElo "2004"]
[PlyCount "63"]
[EventDate "2017.10.21"]
[EventRounds "9"]
[EventCountry "RUS"]

1. e4 c5 2. Nf3 Nc6 3. d4 cxd4 4. Nxd4 e5 5. Nb5 d6 6. a4 a6 7. N5c3 f5 8. Nd5
Nge7 9. Nbc3 Nd4 10. Bc4 Be6 11. Be3 Nec6 12. exf5 Bxf5 13. O-O Rc8 14. Rc1 Nb4
15. Bxd4 Rxc4 16. Bb6 Qh4 17. Ne3 Bg4 18. f3 Rc6 19. fxg4 Rxb6 20. Qf3 Qf6 21.
Qe4 Qg6 22. Qc4 Kd8 23. Rcd1 a5 24. Ncd5 Nxd5 25. Nxd5 Rc6 26. Qb5 Rxc2 27.
Qxb7 h5 28. Rxf8+ Rxf8 29. Qe7+ Kc8 30. Qxf8+ Kb7 31. Qe7+ Kb8 32. Qd8+  1-0

[Event "M.Chigorin Memorial 2017 "]
[Site "?????-?????????"]
[Date "2017.10.27"]
[Round "7"]
[Board "94"]
[White "Yudkevich, Mikhail"]
[Black "Hakobyan, Hovhannes H."]
[Result "0-1"]
[WhiteElo "2005"]
[BlackElo "2212"]
[PlyCount "76"]
[EventDate "2017.10.21"]
[EventRounds "9"]
[EventCountry "RUS"]

1. d4 Nf6 2. c4 c5 3. d5 b5 4. cxb5 a6 5. bxa6 g6 6. Nc3 Bg7 7. Nf3 O-O 8. g3
d6 9. Bg2 Nxa6 10. O-O Bf5 11. Ne1 Qd7 12. Nc2 Bh3 13. Bd2 Rfb8 14. b3 Nb4 15.
e4 Bxg2 16. Kxg2 e6 17. a3 Nxc2 18. Qxc2 exd5 19. exd5 Qb7 20. Qd3 Qxb3 21.
Rfb1 c4 22. Rxb3 cxd3 23. Rab1 Rxb3 24. Rxb3 Nd7 25. Ne4 Ne5 26. f4 Nc4 27.
Rxd3 f5 28. Ng5 Nxa3 29. Ne6 Nc4 30. Bc3 Ra2+ 31. Kf3 Bxc3 32. Rxc3 Nd2+ 33.
Ke3 Nf1+ 34. Kf3 Nxh2+ 35. Ke3 Ng4+ 36. Kd3 Nf2+ 37. Kc4 Ne4 38. Rb3 Nd2+  0-1

[Event "M.Chigorin Memorial 2017 "]
[Site "?????-?????????"]
[Date "2017.10.27"]
[Round "7"]
[Board "95"]
[White "Kharmunova, Nadezhda"]
[Black "Ansat, Aldiyar"]
[Result "1-0"]
[WhiteElo "2199"]
[BlackElo "1996"]
[PlyCount "75"]
[EventDate "2017.10.21"]
[EventRounds "9"]
[EventCountry "RUS"]

1. d4 Nf6 2. Nf3 c5 3. d5 e6 4. c4 d6 5. Nc3 exd5 6. cxd5 g6 7. e4 Bg7 8. h3
O-O 9. Bd3 b5 10. e5 Nfd7 11. exd6 a6 12. O-O Bb7 13. Bg5 Qb6 14. Be7 Re8 15.
Re1 c4 16. Bf1 Nc5 17. Ng5 h6 18. Nge4 Nbd7 19. Qf3 b4 20. Nxc5 Qxc5 21. Na4
Qa5 22. Qd1 Bxd5 23. Rc1 Rac8 24. b3 cxb3 25. Rxc8 Rxc8 26. axb3 Be6 27. Qf3
Bc3 28. Rxe6 fxe6 29. Qb7 Rd8 30. Bc4 Kf7 31. Bxd8 Qxd8 32. Nc5 Ke8 33. Nxe6
Qb8 34. Qd5 Nb6 35. Nc7+ Kd7 36. Qe6+ Kc6 37. Nxa6 Qxd6 38. Bb5+  1-0

[Event "M.Chigorin Memorial 2017 "]
[Site "?????-?????????"]
[Date "2017.10.27"]
[Round "7"]
[Board "96"]
[White "Misyura, Ilya"]
[Black "Azimov, Ilyas"]
[Result "1/2-1/2"]
[WhiteElo "1974"]
[BlackElo "2195"]
[PlyCount "110"]
[EventDate "2017.10.21"]
[EventRounds "9"]
[EventCountry "RUS"]

1. d4 g6 2. c4 d6 3. Nc3 Bg7 4. e4 c6 5. Nf3 Bg4 6. Be2 Bxf3 7. Bxf3 Qb6 8. d5
Nd7 9. Qc2 Ngf6 10. O-O O-O 11. Be3 Qc7 12. Be2 e6 13. Qd2 e5 14. f3 Ne8 15. b4
c5 16. Nb5 Qd8 17. a4 a6 18. Na3 f5 19. Rab1 Rf7 20. Rb3 Nef6 21. Bd3 fxe4 22.
fxe4 Ng4 23. Rxf7 Kxf7 24. Bg5 Qb6 25. a5 Qc7 26. h3 Ngf6 27. Be3 Rf8 28. g4
Kg8 29. Qb2 cxb4 30. Rxb4 Qxa5 31. Nc2 Nc5 32. Ne1 Nfxe4 33. Bxe4 b5 34. Bb1
bxc4 35. Qd2 Qa1 36. Qa2 Qc3 37. Qd2 e4 38. Ng2 Qa1 39. Qa2 Qf6 40. Qf2 Qe5 41.
Qe2 Nd3 42. Rxc4 Qa1 43. Qa2 Qe5 44. Bxd3 exd3 45. Bd4 d2 46. Qxd2 Qxd5 47. Ne3
Qf3 48. Bxg7 Qg3+ 49. Ng2 Kxg7 50. Rc7+ Kg8 51. Qh6 Qf2+ 52. Kh2 Rf7 53. Rc8+
Rf8 54. Rc7 Rf7 55. Rc8+ Rf8  1/2-1/2

[Event "M.Chigorin Memorial 2017 "]
[Site "?????-?????????"]
[Date "2017.10.27"]
[Round "7"]
[Board "97"]
[White "Runets, Ivan"]
[Black "Kotau, Arseni"]
[Result "0-1"]
[WhiteElo "1945"]
[BlackElo "2187"]
[PlyCount "102"]
[EventDate "2017.10.21"]
[EventRounds "9"]
[EventCountry "RUS"]

1. d4 Nf6 2. Nf3 g6 3. c4 Bg7 4. g3 O-O 5. Bg2 d6 6. O-O Nc6 7. Nc3 a6 8. Bf4
Rb8 9. Rc1 Bd7 10. e4 b5 11. cxb5 axb5 12. d5 Na5 13. b4 Nc4 14. Nd4 Qe8 15.
Qe2 Na3 16. Bf3 h5 17. e5 Ng4 18. exd6 exd6 19. Qxe8 Rfxe8 20. Nc6 Ra8 21. Na5
Nc4 22. Nxc4 bxc4 23. Rfd1 Ra3 24. Bd2 Ne5 25. Be2 Bg4 26. Bxg4 hxg4 27. Nb5
Rxa2 28. Nd4 Nd3 29. Rc2 Rxc2 30. Nxc2 Re2 31. Na3 Nb2 32. Kf1 Rxf2+ 33. Kxf2
Nxd1+ 34. Ke2 Nb2 35. Nb5 Na4 36. Nxc7 Kf8 37. Nb5 Ke7 38. Na3 Nb6 39. Be3 Nxd5
40. Nxc4 Nxb4 41. Bf4 d5 42. Ne3 f5 43. Nd1 Ke6 44. Nf2 Bd4 45. Nd1 Nc6 46. Kf1
Ne5 47. Kg2 Nd3 48. Bd2 Nb2 49. Bc3 Bxc3 50. Nxc3 d4 51. Nb1 Nc4  0-1

[Event "M.Chigorin Memorial 2017 "]
[Site "?????-?????????"]
[Date "2017.10.27"]
[Round "7"]
[Board "98"]
[White "Navrodskiy, Boris"]
[Black "Nikitin, Sergey E."]
[Result "0-1"]
[WhiteElo "2180"]
[BlackElo "1923"]
[PlyCount "90"]
[EventDate "2017.10.21"]
[EventRounds "9"]
[EventCountry "RUS"]

1. d4 d5 2. c4 c6 3. Nf3 Nf6 4. e3 Bf5 5. Nc3 e6 6. Qb3 Qb6 7. c5 Qxb3 8. axb3
Be7 9. b4 O-O 10. b5 Nfd7 11. Bd2 cxb5 12. Bxb5 a6 13. O-O Nc6 14. Be2 Rfb8 15.
Na4 b5 16. Nc3 b4 17. Na4 Bd8 18. Rfc1 h6 19. b3 Bc7 20. Nb2 a5 21. Ra4 g5 22.
h3 Kg7 23. Bd3 Bxd3 24. Nxd3 Rb5 25. Rc2 Rc8 26. Bc1 f5 27. Bb2 Kg6 28. Nd2 e5
29. dxe5 Bxe5 30. Nxe5+ Ncxe5 31. Bd4 Rc6 32. Kf1 Nd3 33. Rca2 N7xc5 34. Rxa5
Rxa5 35. Rxa5 Ne4 36. Nf3 Rc1+ 37. Ke2 Ndxf2 38. Ne5+ Kh5 39. Rxd5 Rc2+ 40. Kf3
Nf6 41. Rc5 Ra2 42. Rc6 N2e4 43. Nd3 Nd2+ 44. Kg3 Nfe4+ 45. Kh2 Nf3+  0-1

[Event "M.Chigorin Memorial 2017 "]
[Site "?????-?????????"]
[Date "2017.10.27"]
[Round "7"]
[Board "99"]
[White "Zhou, Guijue"]
[Black "Kamalidenova, Meruert"]
[Result "1/2-1/2"]
[WhiteElo "2179"]
[BlackElo "1897"]
[PlyCount "81"]
[EventDate "2017.10.21"]
[EventRounds "9"]
[EventCountry "RUS"]

1. e4 c5 2. Nf3 d6 3. Nc3 Nf6 4. e5 dxe5 5. Nxe5 e6 6. Be2 Be7 7. O-O O-O 8.
Bf3 Qc7 9. Re1 a6 10. h3 Nbd7 11. Nc4 Rb8 12. b3 b5 13. Ne3 Ne5 14. Bb2 Nxf3+
15. Qxf3 Bb7 16. Qe2 Rfd8 17. a4 Bc6 18. d3 Qb7 19. axb5 axb5 20. f4 Bf8 21.
Ng4 Nxg4 22. Qxg4 c4 23. Ne4 Bxe4 24. dxe4 Rd2 25. Re2 f5 26. Qf3 fxe4 27. Qe3
Rxe2 28. Qxe2 cxb3 29. cxb3 Qd5 30. Rd1 Qxb3 31. Rd7 Rc8 32. Bxg7 Bxg7 33. Qg4
Qc3 34. Rxg7+ Qxg7 35. Qxe6+ Qf7 36. Qxc8+ Kg7 37. Qg4+ Kf8 38. Qc8+ Kg7 39.
Qg4+ Kf8 40. Qc8+ Kg7 41. Qg4+  1/2-1/2

[Event "M.Chigorin Memorial 2017 "]
[Site "?????-?????????"]
[Date "2017.10.27"]
[Round "7"]
[Board "100"]
[White "Yakimenko, Viktoria"]
[Black "Komov, Roman"]
[Result "1-0"]
[WhiteElo "1922"]
[BlackElo "2168"]
[PlyCount "116"]
[EventDate "2017.10.21"]
[EventRounds "9"]
[EventCountry "RUS"]

1. e4 c6 2. d4 g6 3. c3 d5 4. exd5 cxd5 5. Bf4 Nc6 6. Bd3 Bg7 7. h3 Nh6 8. Qd2
Nf5 9. Nf3 O-O 10. O-O f6 11. Re1 Re8 12. Bc2 e5 13. dxe5 fxe5 14. Bg5 Qd6 15.
Na3 Be6 16. Rad1 Qf8 17. Nb5 Rac8 18. Bb3 a6 19. Na3 h6 20. Bxd5 hxg5 21. Bxe6+
Rxe6 22. Qd5 Qf6 23. Nxg5 Rce8 24. Nxe6 Qxe6 25. Nc4 Qxd5 26. Rxd5 Re7 27. Nd2
Kf8 28. Ne4 Kf7 29. Red1 Bf8 30. Rd7 Ke8 31. R7d5 Kf7 32. b4 Ng7 33. a4 Ne8 34.
g3 Nf6 35. Ng5+ Kg7 36. Rd6 Re8 37. Ne6+ Kf7 38. Nxf8 Rxf8 39. b5 axb5 40. axb5
Na5 41. Rb6 Rc8 42. Ra1 Nd7 43. Rd6 Ke7 44. Rxg6 Nb3 45. Rd1 Nbc5 46. Ra1 e4
47. Re1 Ne5 48. Rh6 Nf3+ 49. Kf1 Nxe1 50. Kxe1 Rf8 51. Rh5 Kd6 52. c4 Nd3+ 53.
Ke2 Nxf2 54. c5+ Ke6 55. b6 Nd3 56. Ke3 Rc8 57. Kd4 Nxc5 58. g4 Nd7  1-0

[Event "M.Chigorin Memorial 2017 "]
[Site "?????-?????????"]
[Date "2017.10.27"]
[Round "7"]
[Board "101"]
[White "Volkov, Roman"]
[Black "Kovalenko, Kleopatra"]
[Result "1-0"]
[WhiteElo "2165"]
[BlackElo "1879"]
[PlyCount "81"]
[EventDate "2017.10.21"]
[EventRounds "9"]
[EventCountry "RUS"]

1. e4 c5 2. Nf3 e6 3. d4 cxd4 4. Nxd4 Nf6 5. Nc3 d6 6. g4 h6 7. h4 a6 8. Rg1 h5
9. gxh5 Nxh5 10. Bg5 Nf6 11. Qd2 b5 12. Bg2 Bb7 13. O-O-O Nbd7 14. f4 Qc7 15.
Rge1 Be7 16. e5 b4 17. Na4 dxe5 18. fxe5 Bxg2 19. Qxg2 Nd5 20. Bxe7 Kxe7 21.
Nf5+ exf5 22. Qxd5 Rac8 23. Rd2 Rh6 24. Qd4 a5 25. e6 Nf6 26. Nb6 Rch8 27. Nd5+
Nxd5 28. exf7+ Kxf7 29. Qxd5+ Kg6 30. Rg2+ Kh7 31. Qxf5+ g6 32. Qf6 Rg8 33.
Re7+ Qxe7 34. Qxe7+ Rg7 35. Qe4 Kh8 36. Rd2 Ra7 37. Qd4+ Rg7 38. Qf6 Kh7 39.
Rd8 g5 40. Qf5+ Rhg6 41. h5  1-0